Dragon Ball - Hakaishin (破壊神) - Statistiques

Statistiques générales
  • Ce quiz a été pris 29 fois
  • Le résultat moyen est 5 sur 12
Statistiques - réponses
Par images Réponse % Correct
Beerus
100%
Champa
100%
Gin
46%
Quitela
46%
Liquir
42%
Arak
33%
Moscow
33%
Vermoudh
33%
Iwan
29%
Rhumush
29%
Sidra
29%
Jerez
21%
Aucun quiz correspondant
Distribution des résultats
% des personnes avec chaque résultat
Percentile par nombre de réponses
Votre historique - résultats
Vous n’avez pas pris ce quiz